Sistema para la evaluación de software orientado a la educación de niños
Considera el sistema evaluador de software educativo orientado a la educación de niños que fue diseñado e implementado para dar respuesta a uno de los crecientes aspectos educativos como es la educación apoyada con computador a la informática educativa. Analiza aspectos importantes del software...
| Main Authors: | , |
|---|---|
| Other Authors: | |
| Format: | Tesis Section = Libro |
| Language: | Undetermined Spanish |
| Published: |
Managua
UNI
1998
|
| Subjects: |
| LEADER | 01433nam a2200253Ia 4500 | ||
|---|---|---|---|
| 008 | 240830s9999 xx 000 0 und d | ||
| 040 | |a BIBLIOTECA-RUSB/ Mon 001.6425 M534 | ||
| 041 | |a spa | ||
| 082 | |a Mon 001.6425 M534 | ||
| 100 | 1 | |a Mena Rosa, Argentina | |
| 100 | 1 | |b Canelo Marín, Ivania | |
| 245 | 1 | 0 | |a Sistema para la evaluación de software orientado a la educación de niños |
| 260 | |a Managua |b UNI |c 1998 | ||
| 300 | |a 101 p. :il. | ||
| 500 | |a Contiene: manual de usuario independiente y apéndices. | ||
| 502 | |a Tesis (Ingeniero en Computación) - UNI, 1998. | ||
| 520 | 3 | |a Considera el sistema evaluador de software educativo orientado a la educación de niños que fue diseñado e implementado para dar respuesta a uno de los crecientes aspectos educativos como es la educación apoyada con computador a la informática educativa. Analiza aspectos importantes del software basándose en criterios de valoración, podemos observar o descubrir las fortalezas y debilidades del mismo para luego permitir al sistema EvalMec valorarlo objetivamente de acuerdo a sus observaciones y respuestas reflejadas en el formato especifico e introducidas como datos, sobre las cuales trabaja el sistema. | |
| 650 | 7 | |a PROGRAMAS (SOFTWARE) Y USO | |
| 650 | 7 | |b ENSEÑANZA POR COMPUTADORAS | |
| 650 | 7 | |c EVALUACIÓN | |
| 700 | 1 | |a Tutor: |b Quintana Bonilla, Marisela | |
| 942 | |c BK |2 ddc | ||
| 991 | |a TESIS | ||
| 999 | |c 19557 | ||